WORLD FAMOUS - LOVE STORIES OF GREAT PEOPLE (Record no. 467571)

MARC details
000 -LEADER
fixed length control field 00413nam a2200145Ia 4500
008 - FIXED-LENGTH DATA ELEMENTS--GENERAL INFORMATION
fixed length control field 100204s9999 xx 000 0 und d
082 ## - DEWEY DECIMAL CLASSIFICATION NUMBER
Item number 22467
100 ## - MAIN ENTRY--PERSONAL NAME
Personal name MITAL NEMISHARAN
245 ## - TITLE STATEMENT
Title WORLD FAMOUS - LOVE STORIES OF GREAT PEOPLE
260 ## - PUBLICATION, DISTRIBUTION, ETC. (IMPRINT)
Name of publisher, distributor, etc FF
Date of publication, distribution, etc 1991 3
300 ## - PHYSICAL DESCRIPTION
Extent 136
630 ## - SUBJECT ADDED ENTRY--UNIFORM TITLE
Uniform title WORLD FAMOUS - LOVE STORIES OF GREAT PEOPLE
730 ## - ADDED ENTRY--UNIFORM TITLE
Uniform title WORLD FAMOUS - LOVE STORIES OF GREAT PEOPLE
942 ## - ADDED ENTRY ELEMENTS (KOHA)
Koha item type Book
Holdings
Withdrawn status Lost status Damaged status Not for loan Home library Current library Date acquired Cost, normal purchase price Total Checkouts Full call number Barcode Date last seen Cost, replacement price Price effective from Koha item type
        N. C. Kelkar Sarvajanik Library, Mulund N. C. Kelkar Sarvajanik Library, Mulund 06/13/2005 20.00   22467 NCKMULUND-22467 02/04/2010 20.00 02/04/2010 Book